| 000 | 00658nam a22002177i 4500 | ||
|---|---|---|---|
| 003 | URS | ||
| 005 | 20220114152704.0 | ||
| 008 | 170503b xxu||||| |||| 00| 0 eng d | ||
| 020 | _a0060937319 | ||
| 040 |
_erda _cURSP-College Library _beng |
||
| 050 | _b973 Z1 2001 | ||
| 100 | 1 | _aZinn, Howard | |
| 245 |
_aA People's History of the United States 1492-Present _cHoward Zinn |
||
| 264 | 1 |
_aNew York _bHarper Collins Publishers _c2001. |
|
| 300 |
_a683pages _c20cm. |
||
| 336 |
_atext _btxt _2rdacontent |
||
| 337 |
_aunmediated _bn _2rdamedia |
||
| 338 |
_avolume _bnc _2rdacarrier |
||
| 500 | _aIncludes bibliographical references and index | ||
| 942 |
_2lcc _cFR |
||
| 999 |
_c7278 _d7278 |
||